Pliegos poéticos españoles en bibliotecas de Portugal (Record no. 121797)

MARC details
000 -LEADER
campo de control de longitud fija 00841nam a2200205 4500
001 - NÚMERO DE CONTROL
campo de control 121797
003 - IDENTIFICADOR DE NÚMERO DE CONTROL
campo de control ES-MaACL
007 - CAMPO FIJO DE DESCRIPCIÓN FÍSICA--INFORMACIÓN GENERAL
campo de control de longitud fija t|
008 - DATOS DE LONGITUD FIJA--INFORMACIÓN GENERAL
campo de control de longitud fija 070214s1982 sp r ||||1| spa d
245 00 - MENCIÓN DEL TÍTULO
Título Pliegos poéticos españoles en bibliotecas de Portugal
Resto del título : homenaje a Edward M. Wilson : edición en facsímile /
Mención de responsabilidad, etc. precedida de un estudio por María Cruz García de Enterría.
260 ## - PUBLICACIÓN, DISTRIBUCIÓN, ETC.
Lugar de publicación, distribución, etc. Madrid :
Nombre del editor, distribuidor, etc. Joyas bibliográficas,
Fecha de publicación, distribución, etc. 1982.
300 ## - DESCRIPCIÓN FÍSICA
Extensión 2 v. ;
Dimensiones 25 cm.
490 1# - MENCIÓN DE SERIE
Mención de serie Joyas bibliográficas. Serie conmemorativa ;
Designación de volumen o secuencia 24
500 ## - NOTA GENERAL
Nota general El 2º volumen es una carpeta que contiene 19 cuadernillos.
700 1# - ENTRADA AGREGADA--NOMBRE PERSONAL
Nombre de persona García de Enterría, María Cruz.
9 (RLIN) 54427
700 1# - ENTRADA AGREGADA--NOMBRE PERSONAL
Nombre de persona Wilson, Edward M.
9 (RLIN) 117024
830 0# - PUNTO DE ACCESO ADICIONAL DE SERIE-TÍTULO UNIFORME
Título uniforme Joyas bibliográficas. Serie conmemorativa ;
Designación de volumen o secuencia 24
9 (RLIN) 186523
852 ## - LOCALIZACIÓN
Ubicación ES-MaACL
Número de control de estantería L-4534-5
Sublocalización o colección R.105059
Holdings
Estatus retirado Estado de pérdida Estado de daño No para préstamo Biblioteca de origen Biblioteca actual Ubicación en estantería Fecha de adquisición Fuente de adquisición Total de préstamos Signatura topográfica completa Código de barras Visto por última vez Precio de reemplazo Tipo de ítem Koha
        Biblioteca del Ateneo de Madrid Biblioteca del Ateneo de Madrid Depósito 2 17/01/2008     L-4534-5 1126924 23/02/2023 23/02/2023 Libro impreso